| 000 | 00456nam a2200133 a 4500 | ||
|---|---|---|---|
| 090 |
_aIAVH _b00767 |
||
| 041 | _aspa | ||
| 100 |
_aMejía Gonzalez, Diana _96065 |
||
| 245 | _aDesarrollo de un plan de fortalecimiento administrativo, técnico y comercial a empresas de biocomercio de la región del sur de la Amazonía | ||
| 260 |
_aBogotá _bInstituto Alexander von Humboldt _bCORPOAMAZONIA _c2008 |
||
| 300 | _a9 p. | ||
| 942 | _cIMPRESO | ||
| 945 | _d2007-07-14 | ||
| 999 |
_c6064 _d6064 |
||